000
00268nam a2200121Ia 4500
100
_a
#N/A
650
_a
ELECTRONIC
942
_c
BK
654
_a
circuit files
245
_a
Circuit files to Electronic Divices and Circuit Theory
260
_b
#N/A
546
_a
ENGLISH
999
_c
34557
_d
34557